[Event "Bundesliga 2324"]
[Site "Germany"]
[Date "2024.04.28"]
[Round "15.8"]
[White "Handke, Florian"]
[Black "Shirov, Alexei"]
[Result "0-1"]
[WhiteElo "2536"]
[BlackElo "2655"]
[PlyCount "80"]
[EventDate "2023.10.21"]
[EventType "team-tourn"]
[EventRounds "15"]
[EventCountry "GER"]
[SourceTitle "CB18_2024"]
[SourceDate "2024.05.01"]
[SourceVersion "1"]
[SourceVersionDate "2024.05.01"]
[SourceQuality "2"]
[WhiteTeam "Solingen"]
[BlackTeam "Baden-Baden"]
[WhiteTeamCountry "GER"]
[BlackTeamCountry "GER"]

1. d4 d5 2. c4 e6 3. Nc3 c6 4. e4 dxe4 5. Nxe4 Bb4+ 6. Nc3 c5 7. a3 Ba5 8. Nge2 cxd4 9. Qxd4 Nf6 10. b4 Nc6 11. Qxd8+ Bxd8 12. Bb2 a5 13. b5 Ne5 14. Nd4 Ned7 15. Na4 Nb6 16. Nxb6 Bxb6 17. Be2 Ne4 18. Bf3 Nc5 19. 0-0-0 Bd7 20. Rhe1 0-0-0 21. Kc2 f6 22. Bg4 e5 23. Nf5 Kb8 24. f3 h5 25. Bh3 Be6 26. Ne3 Bf7 27. Nd5 Bg6+ 28. Kc3 Na4+ 29. Kb3 Nxb2 30. Kxb2 Bf2 31. Re2 Bd4+ 32. Rxd4 exd4 33. Re7 Rhe8 34. Rxg7 Bd3 35. Nxf6 Re2+ 36. Kc1 Bxc4 37. b6 d3 38. Nd7+ Ka8 39. Rg5 d2+ 40. Kd1 Bb3+ 0-1

[Event "Dortmund Sparkassen op 49th"]
[Site "Dortmund"]
[Date "2022.07.21"]
[Round "6"]
[White "Handke, Florian"]
[Black "Beerdsen, Thomas"]
[Result "0-1"]
[WhiteElo "2533"]
[BlackElo "2500"]
[PlyCount "80"]
[EventDate "2022.07.16"]
[EventType "swiss"]
[EventRounds "9"]
[EventCountry "GER"]
[SourceTitle "CBM 209 Extra"]
[Source "ChessBase"]
[SourceDate "2022.09.30"]
[SourceVersion "1"]
[SourceVersionDate "2022.09.30"]
[SourceQuality "1"]

1. e4 c5 2. Nf3 e6 3. b3 b6 4. Bb2 Bb7 5. Nc3 Nc6 6. Qe2 a6 7. 0-0-0 Nge7 8. Qe3 b5 9. Kb1 Qb6 10. h4 f5 11. h5 Nd4 12. h6 gxh6 13. Nxd4 cxd4 14. Na4 Qc7 15. Qxd4 Rg8 16. Nc3 Bg7 17. Qb4 Bf8 18. Qd4 Bg7 19. Qe3 b4 20. Na4 Bxe4 21. Bd3 Nd5 22. Qh3 Nf4 23. Qg3 Bxd3 24. cxd3 Nd5 25. Qxc7 Nxc7 26. Bxg7 Rxg7 27. Rxh6 Nd5 28. g3 Kf7 29. Rdh1 Kg8 30. R6h4 Rf8 31. Nc5 a5 32. Nb7 f4 33. g4 f3 34. Nxa5 Nf4 35. Nc4 Nxd3 36. R1h2 Rc8 37. Kc2 Ne5 38. Kb2 Nxg4 39. R2h3 Rf8 40. a3 Nxf2 0-1

[Event "Bundesliga 1920"]
[Site "Germany"]
[Date "2021.10.17"]
[Round "15.5"]
[White "Johansson, Linus"]
[Black "Handke, Florian"]
[Result "1/2-1/2"]
[WhiteElo "2475"]
[BlackElo "2529"]
[PlyCount "93"]
[EventDate "2019.11.23"]
[EventType "team-tourn"]
[EventRounds "15"]
[EventCountry "GER"]
[SourceTitle "EXT 2022"]
[Source "ChessBase"]
[SourceDate "2021.10.06"]
[SourceVersion "1"]
[SourceVersionDate "2021.10.06"]
[SourceQuality "1"]
[WhiteTeam "Bayern Muenchen"]
[BlackTeam "Solingen"]
[WhiteTeamCountry "GER"]
[BlackTeamCountry "GER"]

1. d4 Nf6 2. c4 g6 3. Nc3 d5 4. cxd5 Nxd5 5. e4 Nxc3 6. bxc3 Bg7 7. Qa4+ Qd7 8. Qb3 0-0 9. Be3 b6 10. Rd1 Bb7 11. Bd3 Nc6 12. Nf3 Na5 13. Qb1 c5 14. 0-0 Rac8 15. Rc1 e6 16. Rfd1 cxd4 17. cxd4 Rxc1 18. Rxc1 Rc8 19. h4 f5 20. Rxc8+ Qxc8 21. h5 Nc4 22. hxg6 hxg6 23. Bf4 Na3 24. Qe1 Nc2 25. Bxc2 Qxc2 26. exf5 Qxf5 27. Ng5 e5 28. Bd2 Bf6 29. Qc1 Qg4 30. f3 Qxd4+ 31. Kh1 e4 32. fxe4 Qa1 33. Kg1 Qxc1+ 34. Bxc1 Bd4+ 35. Kf1 Ba6+ 36. Ke1 Bc4 37. a3 Bc3+ 38. Kf2 Bd4+ 39. Ke1 a5 40. Nf3 Bc3+ 41. Kf2 Bd3 42. Ke3 Bf1 43. Kf2 Bd3 44. Ke3 Bb1 45. Nd2 Bc2 46. Nc4 b5 47. Bd2 1/2-1/2

[Event "Bundesliga 1920"]
[Site "Germany"]
[Date "2021.10.15"]
[Round "12.8"]
[White "Handke, Florian"]
[Black "Abergel, Thal"]
[Result "1-0"]
[WhiteElo "2529"]
[BlackElo "2469"]
[PlyCount "80"]
[EventDate "2019.11.23"]
[EventType "team-tourn"]
[EventRounds "15"]
[EventCountry "GER"]
[SourceTitle "EXT 2022"]
[Source "ChessBase"]
[SourceDate "2021.10.06"]
[SourceVersion "1"]
[SourceVersionDate "2021.10.06"]
[SourceQuality "1"]
[WhiteTeam "Solingen"]
[BlackTeam "Viernheim"]
[WhiteTeamCountry "GER"]
[BlackTeamCountry "GER"]

1. e4 c5 2. Nf3 d6 3. d4 cxd4 4. Nxd4 Nf6 5. Nc3 Nc6 6. Bg5 a6 7. Qd2 Nxd4 8. Qxd4 Qa5 9. Bd2 Qc7 10. Nd5 Nxd5 11. exd5 e5 12. dxe6 Bxe6 13. 0-0-0 Qc5 14. Qxc5 dxc5 15. Bc3 f6 16. Bd3 Kf7 17. Rhe1 Bd6 18. Be4 Bf4+ 19. Bd2 Bxd2+ 20. Rxd2 Rab8 21. Rd6 Rhd8 22. Rxd8 Rxd8 23. Bxb7 Rb8 24. Bf3 g6 25. Re3 c4 26. Be2 Rc8 27. Kd2 f5 28. Kc3 g5 29. Re5 Kf6 30. Ra5 Rc6 31. Ra4 Bd5 32. Bxc4 Bxg2 33. Rxa6 Rxa6 34. Bxa6 h5 35. Kd4 h4 36. Bc8 h3 37. a4 g4 38. Ke3 Ke5 39. f4+ Kd6 40. Bxf5 Kd5 1-0

[Event "GER-ch Net blitz qual5"]
[Site "Playchess.com INT"]
[Date "2020.03.28"]
[Round "11"]
[White "Baldauf, Marco"]
[Black "Handke, Florian"]
[Result "0-1"]
[WhiteElo "2503"]
[BlackElo "2538"]
[PlyCount "110"]
[EventDate "2020.03.28"]
[EventType "swiss (blitz)"]
[EventRounds "13"]
[EventCountry "GER"]
[SourceTitle "CBM 195 Extra"]
[Source "ChessBase"]
[SourceDate "2020.05.31"]
[SourceVersion "1"]
[SourceVersionDate "2020.05.31"]
[SourceQuality "1"]

1. d4 Nf6 2. c4 g6 3. f3 Bg7 4. e4 d6 5. Nc3 0-0 6. Be3 a6 7. Qd2 b5 8. cxb5 axb5 9. Bxb5 c6 10. Bd3 Nbd7 11. Nge2 c5 12. 0-0 cxd4 13. Nxd4 Bb7 14. Rfd1 Qb8 15. Bh6 Qa7 16. Be3 Ng4 17. Ncb5 Nxe3 18. Nxa7 Bxd4 19. Nb5 Nc4+ 20. Nxd4 Nxd2 21. Rxd2 Nc5 22. Bc4 Rfc8 23. b3 Ba6 24. Rc1 Bxc4 25. Rxc4 Rcb8 26. e5 Ra6 27. exd6 exd6 28. Ne2 Ne6 29. Nc3 Rba8 30. Ra4 Rxa4 31. Nxa4 Ra6 32. Kf2 Kf8 33. Ke2 Ke7 34. Kd3 d5 35. Kc3 Kd6 36. Kb2 d4 37. Nc3 f5 38. Nb5+ Kc5 39. a4 Ra8 40. Ka3 Kd5 41. Re2 Rc8 42. Kb2 Nc5 43. Rd2 Ne6 44. Na3 Nc5 45. Nc2 Ne6 46. b4 Kc4 47. a5 Rd8 48. Ka3 Kc3 49. Rf2 d3 50. Ne3 d2 51. b5 f4 52. Nd1+ Kc2 53. Rf1 Nc5 54. a6 Rd4 55. Nf2 Ra4# 0-1

[Event "GER-ch Net blitz qual5"]
[Site "Playchess.com INT"]
[Date "2020.03.28"]
[Round "5"]
[White "Eilenberg, Jonas"]
[Black "Handke, Florian"]
[Result "1-0"]
[WhiteElo "2137"]
[BlackElo "2538"]
[PlyCount "47"]
[EventDate "2020.03.28"]
[EventType "swiss (blitz)"]
[EventRounds "13"]
[EventCountry "GER"]
[SourceTitle "CBM 195 Extra"]
[Source "ChessBase"]
[SourceDate "2020.05.31"]
[SourceVersion "1"]
[SourceVersionDate "2020.05.31"]
[SourceQuality "1"]

1. d4 Nf6 2. Nf3 g6 3. c4 Bg7 4. Nc3 d5 5. cxd5 Nxd5 6. e4 Nxc3 7. bxc3 c5 8. Bc4 Nc6 9. d5 Bxc3+ 10. Bd2 Bxa1 11. Qxa1 Nd4 12. Nxd4 cxd4 13. Qxd4 f6 14. 0-0 0-0 15. d6+ Kg7 16. e5 exd6 17. exf6+ Qxf6 18. Qe3 Qd8 19. Bc3+ Rf6 20. Re1 d5 21. Bxd5 Qxd5 22. Qe7+ Kh6 23. Bxf6 Qd7 24. Qe3+ 1-0

[Event "GER-ch Net blitz qual5"]
[Site "Playchess.com INT"]
[Date "2020.03.28"]
[Round "8"]
[White "Handke, Florian"]
[Black "Berger, Steve"]
[Result "1-0"]
[WhiteElo "2538"]
[BlackElo "2408"]
[PlyCount "77"]
[EventDate "2020.03.28"]
[EventType "swiss (blitz)"]
[EventRounds "13"]
[EventCountry "GER"]
[SourceTitle "CBM 195 Extra"]
[Source "ChessBase"]
[SourceDate "2020.05.31"]
[SourceVersion "1"]
[SourceVersionDate "2020.05.31"]
[SourceQuality "1"]

1. e4 e6 2. d4 d5 3. Nc3 Nf6 4. e5 Nfd7 5. f4 c5 6. Nf3 Nc6 7. Be3 Be7 8. Be2 0-0 9. Qd2 a6 10. 0-0 b5 11. a3 Qb6 12. Kh1 cxd4 13. Nxd4 Bc5 14. Rad1 Bb7 15. b4 Bxd4 16. Bxd4 Qxd4 17. Qxd4 Nxd4 18. Rxd4 Rfc8 19. Rd3 Nb6 20. Bd1 Nc4 21. Ne2 a5 22. Nd4 axb4 23. axb4 Ra1 24. Kg1 Nb2 25. Rd2 Rxd1 26. Rfxd1 Nxd1 27. Rxd1 Rc4 28. c3 h5 29. Rc1 Kh7 30. Kf2 Bc8 31. Ke3 Bd7 32. Kd3 f6 33. Ra1 fxe5 34. fxe5 Rc7 35. Ra6 Be8 36. Nxe6 Rc4 37. Nd4 Bg6+ 38. Kd2 h4 39. e6 1-0

[Event "GER-ch Net blitz qual5"]
[Site "Playchess.com INT"]
[Date "2020.03.28"]
[Round "4"]
[White "Handke, Florian"]
[Black "Junge, Kai"]
[Result "1-0"]
[WhiteElo "2538"]
[BlackElo "2184"]
[PlyCount "167"]
[EventDate "2020.03.28"]
[EventType "swiss (blitz)"]
[EventRounds "13"]
[EventCountry "GER"]
[SourceTitle "CBM 195 Extra"]
[Source "ChessBase"]
[SourceDate "2020.05.31"]
[SourceVersion "1"]
[SourceVersionDate "2020.05.31"]
[SourceQuality "1"]

1. e4 Nf6 2. e5 Nd5 3. d4 d6 4. Nf3 Bg4 5. Be2 e6 6. c4 Nb6 7. exd6 cxd6 8. h3 Bh5 9. Nc3 Be7 10. d5 e5 11. g4 Bg6 12. h4 h6 13. Be3 N8d7 14. Rc1 Rc8 15. b3 Nf6 16. h5 Bh7 17. Nd2 a6 18. Nf1 Nbd7 19. Ng3 Nc5 20. Rg1 Nce4 21. Ncxe4 Nxe4 22. Nxe4 Bxe4 23. Bd3 Bxd3 24. Qxd3 Bg5 25. Bxg5 Qxg5 26. Qe3 b5 27. Qxg5 hxg5 28. Ke2 bxc4 29. Rxc4 Kd7 30. Rgc1 Rxc4 31. Rxc4 Rb8 32. Rc6 a5 33. Ra6 Rb5 34. Ra7+ Ke8 35. Ra8+ Ke7 36. Ra7+ Ke8 37. Ke3 Rxd5 38. Ke4 Rd4+ 39. Kf5 Rf4+ 40. Kxg5 Rxf2 41. Rxa5 e4 42. Ra4 d5 43. Rd4 Rxa2 44. Rxd5 Rb2 45. Re5+ Kf8 46. Rxe4 Rxb3 47. Rc4 Rb5+ 48. Kh4 Kg8 49. Rc7 f6 50. Rc4 Kf7 51. Kg3 Kg8 52. Kf4 Kf7 53. Rd4 Kg8 54. Ke4 Kf7 55. Rd5 Rb4+ 56. Kf5 Rb1 57. Rd7+ Kf8 58. Kg6 Rb4 59. Rf7+ Ke8 60. Rxg7 Rxg4+ 61. Kxf6 Rf4+ 62. Kg6 Rg4+ 63. Kh7 Rh4 64. h6 Kf8 65. Rg1 Rh2 66. Rf1+ Ke7 67. Rf3 Rh1 68. Rf4 Rh3 69. Kg6 Rg3+ 70. Kh5 Rh3+ 71. Kg6 Rg3+ 72. Kh7 Rg1 73. Kh8 Rg2 74. h7 Rg3 75. Ra4 Kf7 76. Ra7+ Kf8 77. Ra8+ Kf7 78. Rg8 Rh3 79. Rg1 Kf8 80. Rf1+ Ke7 81. Rf5 Rh2 82. Kg7 Rg2+ 83. Kh6 Rh2+ 84. Rh5 1-0

[Event "GER-ch Net blitz qual5"]
[Site "Playchess.com INT"]
[Date "2020.03.28"]
[Round "12"]
[White "Handke, Florian"]
[Black "Kopylov, Michael"]
[Result "0-1"]
[WhiteElo "2538"]
[BlackElo "2407"]
[PlyCount "128"]
[EventDate "2020.03.28"]
[EventType "swiss (blitz)"]
[EventRounds "13"]
[EventCountry "GER"]
[SourceTitle "CBM 195 Extra"]
[Source "ChessBase"]
[SourceDate "2020.05.31"]
[SourceVersion "1"]
[SourceVersionDate "2020.05.31"]
[SourceQuality "1"]

1. e4 d5 2. exd5 Qxd5 3. Nc3 Qd6 4. d4 Nf6 5. Nf3 a6 6. h3 b5 7. Bd3 Bb7 8. 0-0 e6 9. Re1 Be7 10. Bg5 Nbd7 11. Qe2 0-0 12. Rad1 h6 13. Bh4 Qb6 14. Ne5 Rad8 15. Ne4 Rfe8 16. Nxd7 Nxd7 17. Bxe7 Rxe7 18. c3 Ree8 19. Qh5 Qc6 20. Bf1 Qd5 21. Qxd5 Bxd5 22. b3 Bxe4 23. Rxe4 c5 24. Ree1 cxd4 25. Rxd4 Nf6 26. Red1 Rxd4 27. Rxd4 Rc8 28. c4 bxc4 29. Bxc4 a5 30. Rd6 a4 31. f3 Kf8 32. Ra6 axb3 33. axb3 Nd5 34. Kf2 Ke7 35. h4 Rc7 36. h5 Nf6 37. g4 Nd7 38. Be2 Rb7 39. Bd1 Nc5 40. Ra3 Rb4 41. Ra7+ Kf6 42. Ra3 Ke5 43. Ke3 g5 44. Ra5 Kd6 45. Ra3 f5 46. gxf5 exf5 47. Bc2 f4+ 48. Kd2 Kd5 49. Kc3 Rb6 50. Ra8 Rc6 51. Kb2 Kd4 52. Re8 Ne6 53. Be4 Rb6 54. Rh8 Ng7 55. Bg6 Ke3 56. Rxh6 Nxh5 57. Rxh5 Rxg6 58. Rh3 Kf2 59. b4 Kg2 60. Rh8 Kxf3 61. Kc3 g4 62. Rd8 g3 63. Rd3+ Kg4 64. Rd2 f3 0-1

[Event "GER-ch Net blitz qual5"]
[Site "Playchess.com INT"]
[Date "2020.03.28"]
[Round "7"]
[White "Handke, Florian"]
[Black "Meissner, Felix"]
[Result "1-0"]
[WhiteElo "2538"]
[BlackElo "2362"]
[PlyCount "73"]
[EventDate "2020.03.28"]
[EventType "swiss (blitz)"]
[EventRounds "13"]
[EventCountry "GER"]
[SourceTitle "CBM 195 Extra"]
[Source "ChessBase"]
[SourceDate "2020.05.31"]
[SourceVersion "1"]
[SourceVersionDate "2020.05.31"]
[SourceQuality "1"]

1. e4 c6 2. d4 g6 3. Nf3 d5 4. e5 h5 5. c4 e6 6. Nc3 Nh6 7. Bd3 a6 8. 0-0 Nf5 9. Bg5 Be7 10. Bxe7 Qxe7 11. Bxf5 gxf5 12. cxd5 cxd5 13. Qd2 h4 14. h3 Bd7 15. Rac1 b5 16. Ne2 Nc6 17. a3 a5 18. Rc5 b4 19. Rfc1 Rc8 20. axb4 axb4 21. Nf4 Qd8 22. Nd3 Ne7 23. Qxb4 Rb8 24. Qd2 Ng6 25. b4 Qb6 26. Qg5 Qa6 27. Nf4 Nxf4 28. Qxf4 Rxb4 29. Qg5 Rb8 30. Qg7 Rf8 31. Ng5 Ke7 32. Qf6+ Ke8 33. Nh7 Rg8 34. Qxh4 Rh8 35. Nf6+ Ke7 36. Nxd5+ Kf8 37. Qxh8# 1-0

[Event "GER-ch Net blitz qual4"]
[Site "Playchess.com INT"]
[Date "2020.03.23"]
[Round "7"]
[White "Handke, Florian"]
[Black "Fridman, Daniel"]
[Result "0-1"]
[WhiteElo "2538"]
[BlackElo "2619"]
[PlyCount "36"]
[EventDate "2020.03.23"]
[EventType "swiss (blitz)"]
[EventRounds "9"]
[EventCountry "GER"]
[SourceTitle "CBM 195 Extra"]
[Source "ChessBase"]
[SourceDate "2020.05.31"]
[SourceVersion "1"]
[SourceVersionDate "2020.05.31"]
[SourceQuality "1"]

1. e4 e5 2. Nf3 Nf6 3. Nxe5 d6 4. Nf3 Nxe4 5. d4 d5 6. Bd3 Nc6 7. 0-0 Bg4 8. c3 f5 9. Re1 Bd6 10. Nbd2 0-0 11. h3 Bh5 12. Nf1 Rf6 13. Be2 Rg6 14. Ne5 Qh4 15. g3 Bxe5 16. Bxh5 Bxg3 17. Rxe4 Bh2+ 18. Kh1 Rg1+ 0-1

[Event "GER-ch Net blitz qual4"]
[Site "Playchess.com INT"]
[Date "2020.03.23"]
[Round "9"]
[White "Kopylov, Daniel"]
[Black "Handke, Florian"]
[Result "0-1"]
[WhiteElo "2348"]
[BlackElo "2538"]
[PlyCount "70"]
[EventDate "2020.03.23"]
[EventType "swiss (blitz)"]
[EventRounds "9"]
[EventCountry "GER"]
[SourceTitle "CBM 195 Extra"]
[Source "ChessBase"]
[SourceDate "2020.05.31"]
[SourceVersion "1"]
[SourceVersionDate "2020.05.31"]
[SourceQuality "1"]

1. e4 d6 2. d4 Nf6 3. Nc3 g6 4. Be3 c6 5. f3 Nbd7 6. Qd2 b5 7. h4 h5 8. Nh3 Bg7 9. Ng5 0-0 10. Be2 b4 11. Nd1 a5 12. 0-0 e5 13. c3 bxc3 14. bxc3 d5 15. Nf2 Qe7 16. Rfe1 Rb8 17. Rad1 Qa3 18. dxe5 Nxe5 19. Bd4 Rb2 20. Qc1 Qxa2 21. Bxe5 Rxe2 22. Rxe2 Qxe2 23. Bxf6 Bxf6 24. exd5 cxd5 25. Rxd5 a4 26. Nfe4 Bg7 27. Qd2 Qxd2 28. Rxd2 f6 29. Nh3 Bxh3 30. gxh3 f5 31. Nc5 a3 32. Ne6 Ra8 33. Ra2 Bxc3 34. Kf1 Bb2 35. Ke2 Re8 0-1

[Event "GER-ch Net blitz qual4"]
[Site "Playchess.com INT"]
[Date "2020.03.23"]
[Round "2"]
[White "Roelle, Philipp"]
[Black "Handke, Florian"]
[Result "0-1"]
[WhiteElo "2061"]
[BlackElo "2538"]
[PlyCount "76"]
[EventDate "2020.03.23"]
[EventType "swiss (blitz)"]
[EventRounds "9"]
[EventCountry "GER"]
[SourceTitle "CBM 195 Extra"]
[Source "ChessBase"]
[SourceDate "2020.05.31"]
[SourceVersion "1"]
[SourceVersionDate "2020.05.31"]
[SourceQuality "1"]

1. e4 c5 2. Nf3 Nc6 3. Bb5 g6 4. 0-0 Bg7 5. c3 Nf6 6. Re1 0-0 7. h3 Qb6 8. Na3 a6 9. Bf1 d6 10. d4 cxd4 11. cxd4 Qd8 12. d5 Nb4 13. Nc4 a5 14. a3 Na6 15. Bd3 Nc5 16. a4 e6 17. dxe6 Bxe6 18. Bg5 h6 19. Bh4 d5 20. exd5 Qxd5 21. Bf1 Qxd1 22. Rexd1 Nd5 23. Ra3 Nb4 24. Be7 Rfc8 25. Nb6 Nc2 26. Nxa8 Nxa3 27. bxa3 Nxa4 28. Bb5 Nc3 29. Rc1 Rxa8 30. Bf1 Re8 31. Bc5 b5 32. Bd4 Bxd4 33. Nxd4 b4 34. axb4 axb4 35. Nxe6 Rxe6 36. Bc4 Rc6 37. Bd3 Ne2+ 38. Bxe2 Rxc1+ 0-1

[Event "Bundesliga 1920"]
[Site "Germany"]
[Date "2020.02.23"]
[Round "8.8"]
[White "Meissner, Felix"]
[Black "Handke, Florian"]
[Result "0-1"]
[WhiteElo "2377"]
[BlackElo "2529"]
[PlyCount "102"]
[EventDate "2019.11.23"]
[EventType "team-tourn"]
[EventRounds "15"]
[EventCountry "GER"]
[SourceTitle "CBM 195 Extra"]
[Source "ChessBase"]
[SourceDate "2020.05.31"]
[SourceVersion "1"]
[SourceVersionDate "2020.05.31"]
[SourceQuality "1"]
[WhiteTeam "Hamburger SK"]
[BlackTeam "Solingen"]
[WhiteTeamCountry "GER"]
[BlackTeamCountry "GER"]

1. d4 Nf6 2. c4 e6 3. Nf3 c5 4. d5 d6 5. Nc3 exd5 6. cxd5 g6 7. h3 Bg7 8. Bf4 0-0 9. e3 Na6 10. Bc4 Nc7 11. a4 a6 12. a5 Nb5 13. Ne2 Ne4 14. Qc2 Re8 15. Bd3 Nf6 16. Qb3 Bd7 17. 0-0 Rb8 18. Nd2 b6 19. axb6 Qxb6 20. Qa2 Bc8 21. Nc4 Qd8 22. Na5 Rb6 23. Nc4 Rb8 24. Na5 Rb6 25. Nc4 Rb7 26. Na5 Rd7 27. Nc6 Qb6 28. Nc3 Nxd5 29. Qxd5 Bb7 30. Bxb5 axb5 31. Bxd6 c4 32. Bc5 Qxc6 33. Qxc6 Bxc6 34. Ra6 Rc8 35. Rb6 Bxc3 36. bxc3 Bxg2 37. Kxg2 Rxc5 38. Rb1 Rg5+ 39. Kf3 Rdd5 40. h4 Rdf5+ 41. Ke2 Rg2 42. Rf1 Rh2 43. e4 Re5 44. Ke3 Rxh4 45. f3 Rhh5 46. Rd1 Re7 47. Rd8+ Kg7 48. Kd4 Rh2 49. Rd5 Rd2+ 50. Kc5 Rf2 51. Rxb5 Rxf3 0-1

[Event "Bundesliga 1920"]
[Site "Germany"]
[Date "2020.02.22"]
[Round "7.8"]
[White "Handke, Florian"]
[Black "Pajeken, Jakob Leon"]
[Result "1-0"]
[WhiteElo "2529"]
[BlackElo "2323"]
[PlyCount "79"]
[EventDate "2019.11.23"]
[EventType "team-tourn"]
[EventRounds "15"]
[EventCountry "GER"]
[SourceTitle "CBM 195 Extra"]
[Source "ChessBase"]
[SourceDate "2020.05.31"]
[SourceVersion "1"]
[SourceVersionDate "2020.05.31"]
[SourceQuality "1"]
[WhiteTeam "Solingen"]
[BlackTeam "Kiel Turm"]
[WhiteTeamCountry "GER"]
[BlackTeamCountry "GER"]

1. e4 e5 2. Nf3 Nc6 3. Bb5 a6 4. Ba4 Nf6 5. 0-0 Be7 6. d3 b5 7. Bb3 d6 8. Bd2 0-0 9. h3 Bb7 10. Re1 Nb8 11. Nc3 Nbd7 12. a3 c5 13. Ba2 Rc8 14. Ne2 c4 15. Ng3 Nc5 16. Bg5 cxd3 17. cxd3 h6 18. Be3 Nh7 19. Nf5 Ne6 20. Bb6 Qd7 21. d4 exd4 22. N3xd4 Bd8 23. Nxe6 fxe6 24. Qg4 d5 25. Nxh6+ Kh8 26. Bxd8 Rcxd8 27. exd5 Bxd5 28. Bxd5 Qxd5 29. Rad1 Qa8 30. Rxe6 gxh6 31. Rxh6 Rxd1+ 32. Qxd1 Qa7 33. Qc2 Rf6 34. Rh4 Qe7 35. Qc3 Kg8 36. Rg4+ Kf7 37. Qg3 Ke8 38. Qb8+ Kd7 39. Qb7+ Kd8 40. Rd4+ 1-0

[Event "BL2-West 1920"]
[Site "Germany"]
[Date "2019.12.08"]
[Round "4.2"]
[White "Handke, Florian"]
[Black "Dgebuadze, Alexandre"]
[Result "1-0"]
[WhiteElo "2524"]
[BlackElo "2486"]
[PlyCount "81"]
[EventDate "2019.09.19"]
[EventType "team-tourn"]
[EventRounds "9"]
[EventCountry "GER"]
[SourceTitle "EXT 2023"]
[Source "ChessBase"]
[SourceDate "2022.10.05"]
[SourceVersion "1"]
[SourceVersionDate "2022.10.05"]
[SourceQuality "1"]
[WhiteTeam "Solingen II"]
[BlackTeam "Remagen Sinzig"]
[WhiteTeamCountry "GER"]
[BlackTeamCountry "GER"]

1. e4 e6 2. d4 d5 3. Nc3 Bb4 4. e5 Ne7 5. a3 Bxc3+ 6. bxc3 c5 7. Qg4 0-0 8. Bd3 Nbc6 9. Qh5 Ng6 10. Nf3 Qc7 11. Be3 c4 12. Bxg6 fxg6 13. Qg4 Bd7 14. h4 Rf5 15. h5 gxh5 16. Rxh5 Rxh5 17. Qxh5 Be8 18. Qh3 Nd8 19. Kd2 Bg6 20. Rf1 a5 21. Nh4 Qf7 22. g4 b5 23. Nxg6 Qxg6 24. f4 b4 25. f5 Qf7 26. axb4 axb4 27. cxb4 c3+ 28. Ke2 Ra2 29. Rh1 h6 30. Bxh6 gxh6 31. Qxh6 Qg7 32. Kd3 Ra3 33. Qh5 Kf8 34. f6 Qg8 35. g5 Nf7 36. g6 Ra8 37. b5 Rb8 38. b6 Rxb6 39. g7+ Ke8 40. Qh7 Nh6 41. Rxh6 1-0

[Event "BL2-West 1920"]
[Site "Germany"]
[Date "2019.10.20"]
[Round "2.1"]
[White "Handke, Florian"]
[Black "Lobron, Eric"]
[Result "1-0"]
[WhiteElo "2524"]
[BlackElo "2501"]
[PlyCount "43"]
[EventDate "2019.09.19"]
[EventType "team-tourn"]
[EventRounds "9"]
[EventCountry "GER"]
[SourceTitle "EXT 2023"]
[Source "ChessBase"]
[SourceDate "2022.10.05"]
[SourceVersion "1"]
[SourceVersionDate "2022.10.05"]
[SourceQuality "1"]
[WhiteTeam "Solingen II"]
[BlackTeam "Schott Mainz"]
[WhiteTeamCountry "GER"]
[BlackTeamCountry "GER"]

1. e4 c6 2. d4 d5 3. e5 Bf5 4. h4 h5 5. Bd3 Bxd3 6. Qxd3 e6 7. Bg5 Qa5+ 8. Nd2 Qa6 9. c4 Bb4 10. b3 Ne7 11. Ngf3 Nf5 12. 0-0 Nd7 13. Rfc1 Ba3 14. Rcb1 Nb6 15. Qc3 dxc4 16. bxc4 c5 17. dxc5 Bxc5 18. Ne4 Rc8 19. Rb5 Na4 20. Qa5 Bf8 21. Qd2 Qc6 22. Rd1 1-0

[Event "Riga Tech op-A"]
[Site "Riga"]
[Date "2019.08.10"]
[Round "8"]
[White "Berzinsh, Roland"]
[Black "Handke, Florian"]
[Result "1-0"]
[WhiteElo "2381"]
[BlackElo "2544"]
[PlyCount "65"]
[EventDate "2019.08.05"]
[EventType "swiss"]
[EventRounds "9"]
[EventCountry "LAT"]
[SourceTitle "CBM 191 Extra"]
[Source "ChessBase"]
[SourceDate "2019.09.30"]
[SourceVersion "1"]
[SourceVersionDate "2019.09.30"]
[SourceQuality "1"]

1. e4 d6 2. d4 Nf6 3. Nc3 g6 4. Be3 c6 5. h3 Nbd7 6. f4 b5 7. a3 Nb6 8. Nf3 Bg7 9. Bd3 0-0 10. 0-0 Nc4 11. Bxc4 bxc4 12. d5 cxd5 13. exd5 Qa5 14. Rf2 Rb8 15. Rb1 Bb7 16. Rd2 Rfe8 17. Bf2 Ba8 18. Kh2 Nh5 19. Bd4 Nf6 20. Bf2 Rxb2 21. Rxb2 Qxc3 22. Rb4 Ne4 23. Re2 Nxf2 24. Rxf2 a5 25. Rb5 Qxa3 26. Qe1 a4 27. Re2 Bf6 28. Ng5 Rf8 29. Rxe7 Bxe7 30. Qxe7 Qc1 31. Qf6 Bxd5 32. Rxd5 Qxc2 33. Ra5 1-0

[Event "EU-Cup 34th"]
[Site "Porto Carras"]
[Date "2018.10.15"]
[Round "4.2"]
[White "Handke, Florian"]
[Black "Grandelius, Nils"]
[Result "1/2-1/2"]
[WhiteElo "2536"]
[BlackElo "2655"]
[PlyCount "97"]
[EventDate "2018.10.12"]
[EventType "team-swiss"]
[EventRounds "7"]
[EventCountry "GRE"]
[SourceTitle "CBM 187"]
[Source "ChessBase"]
[SourceDate "2018.12.11"]
[SourceVersion "1"]
[SourceVersionDate "2018.12.11"]
[SourceQuality "1"]
[WhiteTeam "Aachen Aufwaerts"]
[BlackTeam "Valerenga"]
[WhiteTeamCountry "GER"]
[BlackTeamCountry "NOR"]

1. e4 c6 2. d4 d5 3. Nd2 dxe4 4. Nxe4 Nf6 5. Nxf6+ exf6 6. c3 Bd6 7. Bd3 0-0 8. Qc2 Re8+ 9. Ne2 h5 10. 0-0 h4 11. Bf4 Na6 12. h3 Nc7 13. Bxd6 Qxd6 14. Rfe1 Ne6 15. Rad1 Bd7 16. Qd2 Rad8 17. Bb1 Bc8 18. Qd3 Nf8 19. Qf3 g6 20. Nf4 Kg7 21. Nd3 Ne6 22. Bc2 Re7 23. Qe4 Rh8 24. Nf4 Kf8 25. Nxe6+ Bxe6 26. Re3 Bd5 27. Qd3 Rh5 28. Rxe7 Qxe7 29. Bb3 Bxb3 30. axb3 Rg5 31. c4 Qe6 32. d5 cxd5 33. cxd5 Qd6 34. Qd4 Kg7 35. b4 Qd7 36. Rd3 Re5 37. d6 Re6 38. Qxa7 Rxd6 39. Rxd6 Qxd6 40. Qxb7 Qd1+ 41. Kh2 Qd6+ 42. g3 hxg3+ 43. fxg3 Qd2+ 44. Qg2 Qxb4 45. Qc2 g5 46. Qc3 Qb6 47. Kg2 Qb7+ 48. Kf2 Qh1 49. g4 1/2-1/2